| 000 | 01555cam a22004097a 4500 | ||
|---|---|---|---|
| 003 | CHAP | ||
| 005 | 20220329141003.0 | ||
| 008 | 971013s1996 mx r 00010 spa d | ||
| 010 | _a60951 | ||
| 011 | _a61923 | ||
| 035 | _a66095 | ||
| 040 | _cCHAP | ||
| 090 | _aTesis | ||
| 100 | 0 | 0 |
_aLugo Morones, Sonia Yolanda. _968944 |
| 245 | 1 | 0 | _aComercio exterior de productos agropecuarios del estado de Baja California |
| 260 |
_aChapingo, Méx. : _bEl autor, _c1996 |
||
| 300 | _a175 h. | ||
| 502 | _aTesis (Doctor en Ciencias Esp. en Economía Agrícola) -- UACH. Departamento de Economía Agrícola. Programa de Postgrado | ||
| 590 |
_aALEPH _b10 _c20130110 _lUCH01 _h1340 |
||
| 590 |
_aBATCH-UPD _b10 _c20130110 _lUCH01 _h0642 |
||
| 590 |
_aBATCH-UPD _b10 _c20130410 _lUCH01 _h0327 |
||
| 590 |
_aBATCH-UPD _b10 _c20130914 _lUCH01 _h0905 |
||
| 590 |
_aCONVERSION _b10 _c20130109 _lUCH01 _h1333 |
||
| 650 | 1 | 4 |
_aAgricultura _xAspectos economicos _xBaja California. _91210 |
| 650 | 1 | 4 |
_aCebolla _xBaja California. _920753 |
| 650 | 1 | 4 |
_aComercio exterior. _925628 |
| 650 | 1 | 4 |
_aHorticultura _xBaja California. _956310 |
| 650 | 1 | 4 |
_aProductos agrícolas _xExportación. _991945 |
| 650 | 1 | 4 |
_aProductos agrícolas _xMercadeo _xBaja California. _991958 |
| 650 | 1 | 4 |
_aTomate _xBaja California. _9113690 |
| 790 | 0 | _aBalanza comercial agropecuaria | |
| 901 | _aBK | ||
| 942 | _cFOLL | ||
| 949 |
_bBC _cTES _d-151228 _eTS1 _h29159 _i66095 _si |
||
| 949 |
_bBC _cTES _d33724000602850 _eTS2 _fc.2 _h29160 _i66095 _si |
||
| 949 |
_bBC _cTES _d33724000633483 _eTS2 _fc.3 _h31069 _i66095 _si |
||
| 999 |
_c60951 _d60951 |
||